|
|
|
|
| LEADER |
01751nam a22004574a 4500 |
| 001 |
EBC312379 |
| 003 |
MiAaPQ |
| 005 |
20200520144314.0 |
| 006 |
m o d | |
| 007 |
cr cn||||||||| |
| 008 |
070927s2007 si a sb 011 0 eng |
| 010 |
|
|
|z 2007442007
|
| 020 |
|
|
|z 9789812708069 (pbk.)
|
| 020 |
|
|
|z 9812708065 (pbk.)
|
| 020 |
|
|
|z 9789812708021 (hard)
|
| 020 |
|
|
|z 9812708022 (hard)
|
| 035 |
|
|
|a (MiAaPQ)EBC312379
|
| 035 |
|
|
|a (Au-PeEL)EBL312379
|
| 035 |
|
|
|a (CaPaEBR)ebr10188785
|
| 035 |
|
|
|a (CaONFJC)MIL191166
|
| 035 |
|
|
|a (OCoLC)935263974
|
| 040 |
|
|
|a MiAaPQ
|c MiAaPQ
|d MiAaPQ
|
| 043 |
|
|
|a a-cc---
|
| 050 |
|
4 |
|a HC427
|b .I58 2007
|
| 245 |
0 |
0 |
|a Interpreting China's development
|h [electronic resource] /
|c editors, Wang Gungwu, John Wong.
|
| 246 |
3 |
0 |
|a China's development
|
| 260 |
|
|
|a Singapore ;
|a Hackensack, N.J. :
|b World Scientific,
|c c2007.
|
| 300 |
|
|
|a xvi, 265 p. :
|b ill.
|
| 500 |
|
|
|a "The East Asian Institute (EAI) ... is celebrating its 10th anniversary this year"--P. xiii.
|
| 504 |
|
|
|a Includes bibliographical references and index.
|
| 533 |
|
|
|a Electronic reproduction. Ann Arbor, MI : ProQuest, 2015. Available via World Wide Web. Access may be limited to ProQuest affiliated libraries.
|
| 610 |
2 |
0 |
|a National University of Singapore.
|b East Asian Institute.
|
| 651 |
|
0 |
|a China
|x Economic conditions.
|
| 651 |
|
0 |
|a China
|x Social conditions.
|
| 651 |
|
0 |
|a China
|x Politics and government.
|
| 655 |
|
4 |
|a Electronic books.
|
| 700 |
1 |
|
|a Wang, Gungwu.
|
| 700 |
1 |
|
|a Wong, John,
|d 1939-
|
| 710 |
2 |
|
|a National University of Singapore.
|b East Asian Institute.
|
| 710 |
2 |
|
|a ProQuest (Firm)
|
| 856 |
4 |
0 |
|u https://ebookcentral.proquest.com/lib/matrademy/detail.action?docID=312379
|z Click to View
|